000 00838nam a2200277 i 4500
001 17285
003 ES-MaACL
005 20230906151536.0
007 t|
008 010124s1998 sp ||||0| spa j
020 _a84-8307-158-4
040 _aM-BN
_bspa
_cM-BN
080 _a916.662
100 1 _aGreene, Graham.
_959856
245 1 0 _aViaje sin mapas
_b: una aventura por el corazón de Liberia /
_cGraham Greene ; traducción de José Manuel Alvarez Flórez.
250 _a1ª ed.
260 _aBarcelona :
_bPenínsula,
_c1998.
300 _a340 p. ;
_c21 cm.
490 1 _aAltaïr viajes
651 4 _aLiberia-
_xDescripción.
_98918
700 1 _aÁlvarez Flórez, José Manuel.
_920809
830 0 _aAltaïr viajes
_9180603
852 _aES-MaACL
_jL-24155
_bR.129271
999 _c17285
_d17285